000 00988 a2200217 4500
020 _a1591407419 (hc.)
020 _a1591407427 (pbk.)
020 _a1591407435 (ebook)
035 _a(OCoLC)ocm61748241
040 _aDLC
_bDLC
082 0 0 _a303.48/34
245 0 0 _aDiversity in information technology education: issues and controversies
_bissues and controversies
_cGoran P. Trajkovski, editor
260 _aHershey PA :
_bInformation Science Pub.,
_cc2006.
300 _axxiv, 319 p. :
_bill. ;
_c27 cm.
520 _a"This book investigates the status of diversity in the field of IT education with research on racial, gender, national origin, disability and other diversity categories"--Provided by publisher.
650 0 _aInformation technology
_xStudy and teaching.
650 0 _aMulticultural education
_zUnited States.
700 1 _aTrajkovski, Goran,
_d1972-
856 4 1 _3Table of contents
_uhttp://www.loc.gov/catdir/toc/ecip0519/2005027412.html
942 _cBK
_k004 TRA
_2ddc
999 _c5300
_d5300